| 000 | 01450nam a2200313 i 4500 | ||
|---|---|---|---|
| 001 | 000046863 | ||
| 003 | DO-SdBNP | ||
| 005 | 20240712111856.0 | ||
| 007 | ta | ||
| 008 | 180403s2015 dr 000 0 spa d | ||
| 040 |
_aDO-SdBNP _bspa _cBNPHU _erda |
||
| 082 | 4 |
_a343.729304 _bR426a _222 |
|
| 110 | 1 |
_aRepública Dominicana _9447 |
|
| 240 | 1 | 0 | _a[Código tributario] |
| 245 | 1 | 0 |
_aAnotaciones al código tributario dominicano y legislación complementaria / _crevisión, actualización y anotaciones: Pellerano & Herrera; corrección y cuidado de edición ; Juan M. Prida ; prólogo Pedro Urrutia. |
| 264 |
_aSanto Domingo : _bFundación Pellerano & Herrera, _c2015. |
||
| 300 |
_axxvii, 1046 páginas ; _c23 cm. |
||
| 336 |
_2rdacontent _atexto _btxt |
||
| 337 |
_2rdamedia _asin mediación _bn |
||
| 338 |
_2rdacarrier _avolumen _bnc |
||
| 505 | 0 |
_aDe las normas generales, procedimientos y sanciones tributarias -- _tImpuestos sobre la renta -- _tImpuesto sobre transferencias de bienes industrializados y servicios -- _tDel impuesto selectivo al consumo -- _tImpuestos sobre activos -- |
|
| 590 | _aInventariado, 2018/LP | ||
| 650 | 4 |
_aDerecho fiscal _xLegislación _zRepública Dominicana _99397 |
|
| 700 | 1 |
_aPrida, Juan M., _eedición _974811 |
|
| 700 | 1 |
_aUrrutia, Pedro, _eprólogo _974812 |
|
| 710 | 1 |
_aFundación Pellerano & Herrera, República Dominicana _974813 |
|
| 910 | _aValidado. Control de calidad MFF | ||
| 942 |
_2ddc _cLBS1 |
||
| 999 |
_c46352 _d46352 |
||